Statistics for Square Root Game

Click here to take the quiz!

General Stats

  • This quiz has been taken 3,730 times
    (3,728 since last reset)
  • The average score is 14 of 14

Answer Stats

ProblemAnswer% Correct
42
100%
93
100%
164
100%
255
100%
648
100%
819
100%
10010
99%
12111
99%
14412
99%
366
99%
497
99%
16913
98%
19614
98%
22515
98%

Score Distribution

Percentile by Number Answered

Percent of People with Each Score

Your Score History

You have not taken this quiz since the last reset